LEADER 01613aam 2200445I 450 001 9910714144403321 005 20151113033705.0 024 8 $aGOVPUB-C13-ff49f32f187e44b93dca2ce9a6d03366 035 $a(CKB)4330000001260400 035 $a(OCoLC)929067631 035 $a(EXLCZ)994330000001260400 100 $a20151113d1996 ua 0 101 0 $aeng 181 $2rdacontent 182 $2rdamedia 183 $2rdacarrier 200 10$aProbabilistic estimates of design load factors for wind-sensitive structures using the Peaks over threshold approach /$fTimothy M. Whalen 210 1$aGaithersburg, MD :$cU.S. Dept. of Commerce, National Institute of Standards and Technology,$d1996. 215 $a1 online resource 225 1 $aNIST technical note ;$v1418 300 $a1996. 300 $aContributed record: Metadata reviewed, not verified. Some fields updated by batch processes. 300 $aTitle from PDF title page. 320 $aIncludes bibliographical references. 606 $aBuildings$xAerodynamics 606 $aWind resistant design 606 $aWind-pressure 615 0$aBuildings$xAerodynamics. 615 0$aWind resistant design. 615 0$aWind-pressure. 700 $aWhalen$b T$01403042 701 $aWhalen$b T$01403042 712 02$aUnited States.$bNational Bureau of Standards. 801 0$bNBS 801 1$bNBS 801 2$bGPO 906 $aBOOK 912 $a9910714144403321 996 $aProbabilistic estimates of design load factors for wind-sensitive structures using the Peaks over threshold approach$93474793 997 $aUNINA LEADER 02250nas 2200625-- 450 001 9910135621703321 005 20260218113030.0 035 $a(DE-599)ZDB2007169-3 035 $a(CKB)110985822449346 035 $a(CONSER)---58047354- 035 $a(DE-599)2007169-3 035 $a(EXLCZ)99110985822449346 100 $a20780404b19472022 --- b 101 0 $ager 135 $auo||||||||||| 181 $ctxt$2rdacontent 182 $cc$2rdamedia 183 $acr$2rdacarrier 200 04$aDer Archivar 210 $aDuisburg$cLandesarchiv Nordrhein-Westfalen$aFulda$cVerband Deutscher Archivarinnen und Archivare 215 $a1 online resource 300 $a"Mitteilungsblatt für deutsches Archivwesen," <1970-2004>; "Zeitschrift für Archivwesen," <2021>-22. 300 $aSome issues have also a theme title. 300 $aIssues for <1977-78> include supplementary section: Bibliographie zum Archivwesen für die Jahre ... 300 $aPublished in Siegburg (Rhld.) by F. Schmitt, <1970-2004> 300 $aSome issues accompanied by CD-ROM. 311 08$aPrint version: Der Archivar. 0003-9500 (DLC) 58047354 (OCoLC)3778607 531 $aARCHIVAR 531 $aARCHIVAR : MITTEILUNGSBLATT FÜR DEUTSCHES ARCHIVWESEN 531 0 $aArchivar 606 $aArchives$zGermany$vPeriodicals 606 $aArchives$vPeriodicals 606 $aArchives$2fast$3(OCoLC)fst00814030 606 $aArchiefwezen$2gtt 606 $aArchives$zAllemagne 606 $aArchives$vPériodiques 607 $aGermany$2fast$1https://id.oclc.org/worldcat/entity/E39PBJtCD3rcKcPDx6FHmjvrbd 608 $aPeriodicals.$2fast 615 0$aArchives 615 0$aArchives 615 7$aArchives. 615 17$aArchiefwezen. 615 6$aArchives 615 6$aArchives 712 02$aStaatsarchiv Du?sseldorf. 712 02$aVerein Deutscher Archivare. 712 02$aHauptstaatsarchiv Du?sseldorf. 712 02$aNordrhein-Westfa?lisches Hauptstaatsarchiv. 712 02$aLandesarchiv Nordrhein-Westfalen. 712 02$aVerband Deutscher Archivarinnen und Archivare. 906 $aJOURNAL 912 $a9910135621703321 920 $aexl_impl conversion 996 $aDer Archivar$92248574 997 $aUNINA